[Event "Excelsior March op"]
[Site "Toronto CAN"]
[Date "2023.03.12"]
[Round "5.1"]
[White "Noritsyn, Nikolay"]
[Black "Bora, Safal"]
[Result "1/2-1/2"]
[WhiteElo "2460"]
[BlackElo "2461"]
[PlyCount "129"]
[EventDate "2023.03.19"]
[EventType "swiss"]
[EventRounds "5"]
[EventCountry "CAN"]

1. e4 e6 2. d4 d5 3. e5 c5 4. c3 Nc6 5. Nf3 Qb6 6. a3 Nh6 7. Bd3 cxd4 8. cxd4
Nf5 9. Bxf5 exf5 10. Nc3 Be6 11. O-O h6 12. Na4 Qb5 13. Nc3 Qb6 14. Na4 Qb5 15.
Ne1 Be7 16. Be3 Na5 17. Nd3 Nb3 18. Nc3 Qc4 19. Rb1 g5 20. Nc1 Na5 21. f4 Rc8
22. N1e2 Nb3 23. Nc1 Na5 24. N1e2 g4 25. b4 Nc6 26. Rc1 a5 27. Na4 Qa6 28. Nc5
Qb6 29. b5 Qxb5 30. Nc3 Qb6 31. Rb1 Qd8 32. Nxb7 Qd7 33. Na4 O-O 34. Nbc5 Qe8
35. Qd3 Nb8 36. Rb7 Bxc5 37. Nxc5 Nd7 38. Nxe6 fxe6 39. Bd2 Rf7 40. Rfb1 a4 41.
Qa6 Rc4 42. R7b4 Rc2 43. Be1 Nf8 44. Rb8 Qc6 45. Qxc6 Rxc6 46. Bb4 Kg7 47. Ra8
Ng6 48. g3 Rc4 49. Bc5 h5 50. Ra6 h4 51. Rxe6 hxg3 52. hxg3 Rc3 53. Kg2 Rc2+
54. Kf1 Rc3 55. Rbb6 Nh8 56. Re8 Ng6 57. e6 Rf6 58. e7 Rxb6 59. Rg8+ Kh7 60.
e8=Q Rf3+ 61. Ke1 Rb1+ 62. Ke2 Rb2+ 63. Ke1 Rb1+ 64. Ke2 Rb2+ 65. Ke1 1/2-1/2

[Event "Excelsior March Rapid"]
[Site "Toronto CAN"]
[Date "2023.03.18"]
[Round "1.3"]
[White "Guo, Anni"]
[Black "Noritsyn, Nikolay"]
[Result "0-1"]
[WhiteElo "1959"]
[BlackElo "2592"]
[PlyCount "56"]
[EventDate "2023.03.18"]
[EventType "swiss (rapid)"]
[EventRounds "5"]
[EventCountry "CAN"]

1. e4 c5 2. Nf3 e6 3. d4 cxd4 4. Nxd4 a6 5. Nc3 b5 6. a3 Bb7 7. Bd3 Bc5 8. Nb3
Be7 9. O-O d6 10. Be3 Nf6 11. f3 Nbd7 12. Qe1 O-O 13. Kh1 Qc7 14. Qf2 Rac8 15.
Rac1 Qb8 16. a4 b4 17. Na2 d5 18. exd5 Nxd5 19. Na5 Nxe3 20. Qxe3 Bd5 21. Bxa6
Rc7 22. b3 Bc5 23. Qe2 Qb6 24. Qb5 Ra8 25. Qxb6 Nxb6 26. Nc4 Rxa6 27. Nxb6 Rxb6
28. Rfd1 Be3 0-1

[Event "Excelsior March Rapid"]
[Site "Toronto CAN"]
[Date "2023.03.18"]
[Round "5.1"]
[White "Nagy, Gabor"]
[Black "Noritsyn, Nikolay"]
[Result "1-0"]
[WhiteElo "2597"]
[BlackElo "2592"]
[PlyCount "56"]
[EventDate "2023.03.18"]
[EventType "swiss (rapid)"]
[EventRounds "5"]
[EventCountry "CAN"]

1. d4 e6 2. Nf3 f5 3. c4 Nf6 4. Nc3 Bb4 5. Qb3 c5 6. Bg5 O-O 7. e3 Qa5 8. Bxf6
Rxf6 9. Rc1 cxd4 10. exd4 b6 11. Be2 Bxc3+ 12. Rxc3 Nc6 13. O-O Bb7 14. d5 Ne7
15. Rd1 Ng6 16. Bf1 Qc5 17. Qa4 Qe7 18. dxe6 Bc6 19. Qa6 dxe6 20. Nd4 Bb7 21.
Qa4 Nf4 22. Re3 Qf7 23. Nf3 Rh6 24. Rd7 Qe8 25. Qd1 Rg6 26. Nh4 Rg4 27. Rxb7
Rd8 28. Qe1 Rxh4 1-0

[Event "Excelsior March GM Norm"]
[Site "Toronto CAN"]
[Date "2023.03.13"]
[Round "1.2"]
[White "Noritsyn, Nikolay"]
[Black "Nagy, Gabor"]
[Result "1/2-1/2"]
[WhiteElo "2460"]
[BlackElo "2497"]
[PlyCount "55"]
[EventDate "2023.03.13"]
[EventType "tourn"]
[EventRounds "9"]
[EventCountry "CAN"]

1. e4 c6 2. c4 d5 3. cxd5 cxd5 4. e5 d4 5. Nf3 Nc6 6. Bc4 e6 7. O-O g5 8. Bb5
Bd7 9. d3 g4 10. Bxc6 Bxc6 11. Ng5 Qd5 12. Qxg4 Qxe5 13. Bf4 Qg7 14. Qh3 Ne7
15. Na3 Nd5 16. Bd2 Bb4 17. Bxb4 Qxg5 18. Bd6 O-O-O 19. f4 Qf5 20. Qxf5 exf5
21. Be5 Rhg8 22. g3 h5 23. Nc4 f6 24. Bxd4 h4 25. Na5 hxg3 26. Nxc6 gxh2+ 27.
Kh1 bxc6 28. Bxa7 1/2-1/2

[Event "Excelsior March GM Norm"]
[Site "Toronto CAN"]
[Date "2023.03.13"]
[Round "2.5"]
[White "Mikhalevski, Victor"]
[Black "Noritsyn, Nikolay"]
[Result "1-0"]
[WhiteElo "2519"]
[BlackElo "2460"]
[PlyCount "81"]
[EventDate "2023.03.13"]
[EventType "tourn"]
[EventRounds "9"]
[EventCountry "CAN"]

1. Nf3 e6 2. g3 d5 3. Bg2 g6 4. c4 Bg7 5. O-O Ne7 6. d4 Nbc6 7. Qc2 O-O 8. Rd1
a5 9. a3 b6 10. Bf4 Ba6 11. cxd5 exd5 12. Nc3 Nf5 13. Be5 Nce7 14. Bxg7 Kxg7
15. b4 axb4 16. axb4 Nd6 17. Ne5 c6 18. e4 Bb7 19. Rxa8 Bxa8 20. exd5 cxd5 21.
Qa2 Ndf5 22. Qd2 Bb7 23. h4 Bc8 24. Ra1 Qd6 25. Nb5 Qf6 26. Ra7 Nc6 27. Nxc6
Qxc6 28. Nc7 Rd8 29. Qe1 Bb7 30. Qe5+ Kg8 31. b5 Qc1+ 32. Bf1 Nd6 33. Qe7 Rc8
34. Ne6 Qe1 35. Qxd6 fxe6 36. Rxb7 Rf8 37. f3 Qe3+ 38. Kh2 Rxf3 39. Bg2 Rf2 40.
Qd8+ Rf8 41. Qe7 1-0

[Event "Excelsior March GM Norm"]
[Site "Toronto CAN"]
[Date "2023.03.14"]
[Round "3.2"]
[White "Noritsyn, Nikolay"]
[Black "Posthuma, Joshua"]
[Result "1/2-1/2"]
[WhiteElo "2460"]
[BlackElo "2441"]
[PlyCount "108"]
[EventDate "2023.03.13"]
[EventType "tourn"]
[EventRounds "9"]
[EventCountry "CAN"]

1. e4 c5 2. Nf3 Nc6 3. Bb5 g6 4. O-O Bg7 5. c3 Nf6 6. Re1 O-O 7. h3 e5 8. a3 a6
9. Bxc6 dxc6 10. d3 Re8 11. Qc2 a5 12. Nbd2 Nh5 13. Nf1 b6 14. Be3 Ra7 15. b4
Ba6 16. Red1 Rd7 17. bxa5 bxa5 18. c4 Nf4 19. Bxc5 Nxd3 20. Be3 Bf8 21. N1h2 h5
22. Kh1 Bxc4 23. g4 a4 24. Qxc4 Nxf2+ 25. Bxf2 Rxd1+ 26. Rxd1 Qxd1+ 27. Kg2 Re6
28. gxh5 gxh5 29. Nh4 Bxa3 30. N2f3 Be7 31. Nf5 a3 32. Nxe5 Rxe5 33. Nh6+ Kh7
34. Qxf7+ Kxh6 35. Be3+ Rg5+ 36. Bxg5+ Bxg5 37. Qf8+ Kg6 38. Qf5+ Kg7 39. Qxg5+
Kf7 40. Qf5+ Ke7 41. Qe5+ Kd7 42. Qf5+ Ke7 43. Qe5+ Kd7 44. Qf5+ Kd6 45. Qf8+
Kc7 46. Qe7+ Kb8 47. Qf8+ Kb7 48. Qe7+ Kb6 49. Qb4+ Kc7 50. Qe7+ Qd7 51. Qxa3
Qd2+ 52. Kf3 Qd1+ 53. Kf2 Qd4+ 54. Kf3 Qd1+ 1/2-1/2

[Event "Excelsior March GM Norm"]
[Site "Toronto CAN"]
[Date "2023.03.14"]
[Round "4.5"]
[White "Noritsyn, Nikolay"]
[Black "Ibarra Chami, Luis Fernando"]
[Result "1-0"]
[WhiteElo "2460"]
[BlackElo "2447"]
[PlyCount "81"]
[EventDate "2023.03.13"]
[EventType "tourn"]
[EventRounds "9"]
[EventCountry "CAN"]

1. e4 c5 2. Nf3 Nc6 3. Bb5 g6 4. O-O Bg7 5. c3 e5 6. d3 Nge7 7. Be3 d6 8. d4
exd4 9. cxd4 O-O 10. Nc3 Qb6 11. Bxc6 Nxc6 12. Rb1 cxd4 13. Nd5 Qc5 14. b4 Nxb4
15. Ne7+ Kh8 16. Nxd4 Bg4 17. f3 Be6 18. Qd2 Qc7 19. Nxe6 fxe6 20. Nxg6+ hxg6
21. Qxb4 b6 22. Rbc1 Qd7 23. Rfd1 Rad8 24. Bg5 d5 25. Bxd8 Rxd8 26. f4 Qf7 27.
g3 Bf8 28. Qc3+ Kh7 29. Kg2 Rd7 30. Qf3 Bc5 31. h4 Kg8 32. Rd3 Kf8 33. Rcd1 d4
34. Qg4 Ke8 35. Qg5 Re7 36. Qe5 Kd7 37. Rc1 Qh7 38. Qb8 e5 39. fxe5 Qh5 40.
Rxd4+ Kc6 41. Qc8+ 1-0

[Event "Excelsior March GM Norm"]
[Site "Toronto CAN"]
[Date "2023.03.16"]
[Round "7.3"]
[White "Sambuev, Bator"]
[Black "Noritsyn, Nikolay"]
[Result "1-0"]
[WhiteElo "2434"]
[BlackElo "2460"]
[PlyCount "71"]
[EventDate "2023.03.13"]
[EventType "tourn"]
[EventRounds "9"]
[EventCountry "CAN"]

1. Nf3 c5 2. c4 Nc6 3. Nc3 g6 4. e3 d6 5. d4 Bg4 6. d5 Ne5 7. Be2 Nxf3+ 8. gxf3
Bd7 9. h4 Nf6 10. f4 h5 11. e4 Bg7 12. f3 a6 13. Rg1 Ng8 14. Be3 Bf6 15. Rg5 b5
16. e5 Bxg5 17. fxg5 Qa5 18. f4 Rb8 19. Qd2 bxc4 20. Bxc4 Rb4 21. Nb1 Qc7 22.
Qc3 dxe5 23. Nd2 f6 24. fxe5 Qxe5 25. Qxe5 fxe5 26. O-O-O Bb5 27. b3 Bxc4 28.
Nxc4 Rh7 29. Bxc5 Rb5 30. b4 Rf7 31. d6 Rf5 32. d7+ Kd8 33. Na5 Rf8 34. Nc6+
Kc7 35. d8=Q+ Rxd8 36. Nxd8 1-0

[Event "Excelsior March GM Norm"]
[Site "Toronto CAN"]
[Date "2023.03.16"]
[Round "8.2"]
[White "Noritsyn, Nikolay"]
[Black "Dukic, Zachary"]
[Result "1-0"]
[WhiteElo "2460"]
[BlackElo "2238"]
[PlyCount "77"]
[EventDate "2023.03.13"]
[EventType "tourn"]
[EventRounds "9"]
[EventCountry "CAN"]

1. e4 c6 2. d4 d5 3. e5 Bf5 4. Be3 e6 5. Nd2 f6 6. Ngf3 Nd7 7. Be2 fxe5 8. Nxe5
Nxe5 9. dxe5 Bb4 10. c3 Ba5 11. Bh5+ g6 12. Be2 h5 13. Nb3 Bc7 14. Qd4 Qb8 15.
f4 Ne7 16. Qd2 Be4 17. O-O b6 18. Nd4 Kd7 19. c4 Qb7 20. cxd5 Bxd5 21. Rac1
Rad8 22. Bf3 c5 23. Nb5 Kc8 24. Qe2 Nc6 25. a3 Bxf3 26. Rxf3 a5 27. Qc4 Rd5 28.
Nc3 Rhd8 29. Nxd5 exd5 30. Qc2 d4 31. Bf2 Rg8 32. Qc4 Rg7 33. Bh4 g5 34. Bxg5
Nxe5 35. fxe5 Rxg5 36. Rf8+ Bd8 37. Qe6+ Qd7 38. Qxb6 Rxg2+ 39. Kh1 1-0

[Event "Excelsior February Rapid"]
[Site "Toronto CAN"]
[Date "2023.02.11"]
[Round "1.1"]
[White "Gao, Heye"]
[Black "Noritsyn, Nikolay"]
[Result "0-1"]
[WhiteElo "1658"]
[BlackElo "2641"]
[PlyCount "84"]
[EventDate "2023.02.11"]
[EventType "swiss (rapid)"]
[EventRounds "5"]
[EventCountry "CAN"]

1. e4 c5 2. Nf3 d6 3. d4 cxd4 4. Nxd4 Nf6 5. Nc3 a6 6. f3 e6 7. Be3 b5 8. Qd2
Nbd7 9. a3 Bb7 10. g4 Nb6 11. h4 Rc8 12. h5 Nfd7 13. f4 Nf6 14. Bd3 Nc4 15.
Bxc4 Rxc4 16. Qg2 Qa8 17. Rh2 Nxe4 18. Nxe4 Bxe4 19. Qf1 Be7 20. O-O-O O-O 21.
Kb1 Rfc8 22. Rdd2 b4 23. a4 b3 24. Nxb3 Qb8 25. Nd4 Rxa4 26. Bg1 d5 27. g5 Bb4
28. Rd3 Bc3 29. Nb3 Bb4 30. g6 Be7 31. gxh7+ Kxh7 32. Bd4 f6 33. Rc3 Rxc3 34.
Bxc3 Qxb3 35. Qe2 Qa2+ 36. Kc1 Qc4 37. Qg4 Ra1+ 38. Kd2 d4 39. f5 dxc3+ 40.
bxc3 Qd5+ 41. Ke3 Bc5+ 42. Kf4 Qe5# 0-1

[Event "Excelsior February Rapid"]
[Site "Toronto CAN"]
[Date "2023.02.11"]
[Round "2.1"]
[White "Noritsyn, Nikolay"]
[Black "Qiao, Cindy"]
[Result "1-0"]
[WhiteElo "1641"]
[BlackElo "1961"]
[PlyCount "53"]
[EventDate "2023.02.11"]
[EventType "swiss (rapid)"]
[EventRounds "5"]
[EventCountry "CAN"]

1. d4 d5 2. c4 e6 3. Nf3 Nf6 4. Nc3 c6 5. e3 Bd6 6. Bd3 Nbd7 7. O-O O-O 8. e4
dxe4 9. Nxe4 Nxe4 10. Bxe4 Nf6 11. Bg5 Be7 12. Bc2 Qb6 13. c5 Qd8 14. Re1 Nd5
15. h4 f6 16. Qd3 g6 17. Bd2 e5 18. dxe5 Bxc5 19. e6 Qd6 20. h5 f5 21. hxg6
hxg6 22. Ng5 Re8 23. Qh3 Re7 24. Nf7 Rxf7 25. exf7+ Kxf7 26. Qh7+ Kf8 27. Bh6#
1-0

[Event "Excelsior February Rapid"]
[Site "Toronto CAN"]
[Date "2023.02.11"]
[Round "4.1"]
[White "Noritsyn, Nikolay"]
[Black "Reprintsev, Alexander"]
[Result "1-0"]
[WhiteElo "2641"]
[BlackElo "2401"]
[PlyCount "69"]
[EventDate "2023.02.11"]
[EventType "swiss (rapid)"]
[EventRounds "5"]
[EventCountry "CAN"]

1. b3 f5 2. Bb2 Nf6 3. Nf3 g6 4. Bxf6 exf6 5. c4 Bg7 6. Nc3 O-O 7. g3 d6 8. Bg2
c6 9. O-O Be6 10. d4 Bf7 11. Qd3 Re8 12. b4 Nd7 13. Nd2 Qc7 14. e3 h5 15. h4
Re7 16. b5 Rae8 17. Rab1 Nf8 18. bxc6 bxc6 19. Rb3 Bh6 20. Rfb1 d5 21. Rb7 Rxe3
22. Qxe3 Rxe3 23. Rxc7 Rxc3 24. Rbb7 Bxd2 25. Rxf7 Rxc4 26. Rxf6 a5 27. Rxc6
Rxd4 28. Rd6 Bh6 29. Rxd5 Ra4 30. Rd8 f4 31. Bd5+ Kh8 32. Rf7 fxg3 33. Rfxf8+
Bxf8 34. Rxf8+ Kg7 35. Rf7+ 1-0

[Event "Excelsior February Rapid"]
[Site "Toronto CAN"]
[Date "2023.02.11"]
[Round "5.1"]
[White "Sambuev, Bator"]
[Black "Noritsyn, Nikolay"]
[Result "0-1"]
[WhiteElo "2644"]
[BlackElo "2641"]
[PlyCount "117"]
[EventDate "2023.02.11"]
[EventType "swiss (rapid)"]
[EventRounds "5"]
[EventCountry "CAN"]

1. d4 e6 2. c4 Bb4+ 3. Bd2 a5 4. Nc3 Nf6 5. e3 b6 6. Bd3 Bb7 7. Nh3 O-O 8. O-O
d5 9. cxd5 exd5 10. Rc1 Re8 11. f3 Na6 12. a3 Bf8 13. Nf4 c5 14. Bb5 Re7 15.
Nd3 Nc7 16. a4 Nxb5 17. Nxb5 c4 18. Ne5 Nd7 19. Nxd7 Qxd7 20. b3 Ba6 21. bxc4
dxc4 22. Rb1 c3 23. Nxc3 Bxf1 24. Qxf1 Ree8 25. Nb5 Bb4 26. Bc1 f5 27. Qd3 Kh8
28. e4 fxe4 29. fxe4 Rac8 30. Bf4 Qc6 31. e5 Qd5 32. Rf1 Rf8 33. h3 Be7 34. Rf3
Rcd8 35. Qc3 Rd7 36. Bg3 Rfd8 37. Bf2 Bb4 38. Qc2 Qe6 39. Bh4 Rg8 40. Qe4 Rc8
41. Kh2 Kg8 42. Rd3 Re8 43. Bg3 Qc4 44. Rf3 Qe6 45. Rd3 Qc4 46. Qf3 Rf7 47. Qe4
Rd7 48. Qg4 Rf7 49. Rf3 Rxf3 50. Qxf3 Bf8 51. d5 Bc5 52. d6 Rf8 53. Qg4 Qc1 54.
Qe6+ Kh8 55. h4 Qg1+ 56. Kh3 Qh1+ 57. Kg4 h5+ 58. Kxh5 Qd1+ 59. Kg5 0-1

[Event "Excelsior February op"]
[Site "Toronto CAN"]
[Date "2023.02.03"]
[Round "1.1"]
[White "Zhong, Ryan Yunhui"]
[Black "Noritsyn, Nikolay"]
[Result "0-1"]
[WhiteElo "2032"]
[BlackElo "2576"]
[PlyCount "46"]
[EventDate "2023.02.03"]
[EventType "swiss"]
[EventRounds "5"]
[EventCountry "CAN"]

1. e4 c5 2. Nf3 Nc6 3. Bb5 e6 4. O-O Nge7 5. c3 a6 6. Ba4 b5 7. Bc2 d5 8. Re1
d4 9. Qe2 Ng6 10. d3 Bd6 11. a4 Rb8 12. axb5 axb5 13. Bd2 O-O 14. Ng5 h6 15.
Nf3 Kh8 16. Na3 e5 17. Bb3 dxc3 18. bxc3 b4 19. cxb4 Bg4 20. Nc2 Nh4 21. Ra6
Bxf3 22. gxf3 Nxb4 23. Bxb4 Qg5+ 0-1

[Event "Excelsior February op"]
[Site "Toronto CAN"]
[Date "2023.02.04"]
[Round "2.1"]
[White "Noritsyn, Nikolay"]
[Black "Joseph Benher, Savio"]
[Result "1-0"]
[WhiteElo "2576"]
[BlackElo "2138"]
[PlyCount "97"]
[EventDate "2023.02.03"]
[EventType "swiss"]
[EventRounds "5"]
[EventCountry "CAN"]

1. c4 e6 2. Nf3 Nf6 3. Nc3 Bb4 4. Qc2 O-O 5. g4 Bxc3 6. Qxc3 d5 7. b3 Ne4 8.
Qc2 c5 9. Bb2 Nc6 10. a3 Ng5 11. Bg2 d4 12. Ng1 e5 13. h4 Ne6 14. Be4 g6 15.
Nf3 Qd6 16. h5 Kg7 17. e3 Bd7 18. O-O-O a6 19. Nh4 Ng5 20. Bd5 Ne6 21. Rdg1 Nc7
22. Be4 Qf6 23. g5 Qd6 24. d3 b5 25. f4 exf4 26. Qh2 Rh8 27. Nf3 Ne6 28. Rg4 h6
29. exf4 hxg5 30. Nxg5 Nxg5 31. Rxg5 bxc4 32. bxc4 Rab8 33. h6+ Kf8 34. Rd5 Qc7
35. Rxc5 Qb6 36. Rd5 Ke8 37. Qe2 Ne7 38. Rxd4 Bg4 39. Qc2 Rh7 40. c5 Qc7 41.
Bg2 Rb5 42. c6 Be6 43. a4 Rb6 44. Qc5 Nf5 45. Ba3 Rh8 46. Rb4 Rxb4 47. Qxb4 a5
48. Qb7 Qxf4+ 49. Kb1 1-0

[Event "Excelsior February op"]
[Site "Toronto CAN"]
[Date "2023.02.04"]
[Round "3.1"]
[White "Rusonik, Max"]
[Black "Noritsyn, Nikolay"]
[Result "0-1"]
[WhiteElo "2312"]
[BlackElo "2576"]
[PlyCount "70"]
[EventDate "2023.02.03"]
[EventType "swiss"]
[EventRounds "5"]
[EventCountry "CAN"]

1. e4 c5 2. Nf3 d6 3. d4 cxd4 4. Nxd4 Nf6 5. Nc3 Bd7 6. Bg5 e6 7. Qd2 h6 8.
Bxf6 Qxf6 9. Ndb5 Bxb5 10. Nxb5 Qxb2 11. Rd1 Na6 12. Nxd6+ Bxd6 13. Qxd6 Qb4+
14. Qxb4 Nxb4 15. Bb5+ Ke7 16. Rd7+ Kf6 17. O-O a6 18. Bd3 Nxd3 19. Rxd3 Rhc8
20. Rc1 Rc4 21. Rf3+ Ke7 22. Rb3 b5 23. f3 Rac8 24. c3 g5 25. Kf2 h5 26. Ke2
Kd6 27. Kd2 h4 28. Re1 Ke5 29. Re3 Ra4 30. a3 Rd8+ 31. Rd3 Rxd3+ 32. Kxd3 Kf4
33. Ke2 g4 34. Kf2 gxf3 35. gxf3 h3 0-1

[Event "Excelsior February op"]
[Site "Toronto CAN"]
[Date "2023.02.05"]
[Round "4.1"]
[White "Noritsyn, Nikolay"]
[Black "Sambuev, Bator"]
[Result "0-1"]
[WhiteElo "2576"]
[BlackElo "2487"]
[PlyCount "82"]
[EventDate "2023.02.03"]
[EventType "swiss"]
[EventRounds "5"]
[EventCountry "CAN"]

1. e4 e5 2. Nf3 Nc6 3. d3 d6 4. g3 g6 5. Bg2 Bg7 6. c3 Nh6 7. h4 f6 8. Bxh6
Bxh6 9. h5 Bg4 10. Qb3 Qd7 11. hxg6 Be6 12. Qxb7 Rb8 13. Qa6 hxg6 14. Qa3 Kf7
15. Nbd2 Kg7 16. Nb3 a5 17. d4 a4 18. d5 axb3 19. dxe6 Qxe6 20. Qa4 Nd8 21. O-O
Nf7 22. Qa7 Ra8 23. Qxc7 Rhc8 24. Qb7 bxa2 25. Ne1 Rab8 26. Qa7 Rxb2 27. Nd3
Rd2 28. Nb4 Rxc3 29. Rxa2 Rxa2 30. Nxa2 Rb3 31. Nc1 Rb5 32. Nd3 Qc4 33. Ne1 Rb1
34. Qa8 Qe2 35. Nf3 Rxf1+ 36. Bxf1 Qxf3 37. Bc4 Be3 38. fxe3 Qxg3+ 39. Kf1 Qf3+
40. Ke1 Qxe3+ 41. Be2 Ng5 0-1

[Event "Excelsior February op"]
[Site "Toronto CAN"]
[Date "2023.02.05"]
[Round "5.2"]
[White "Mendes, Aaron Reeve"]
[Black "Noritsyn, Nikolay"]
[Result "1/2-1/2"]
[WhiteElo "2219"]
[BlackElo "2576"]
[PlyCount "75"]
[EventDate "2023.02.03"]
[EventType "swiss"]
[EventRounds "5"]
[EventCountry "CAN"]

1. e4 c5 2. Nf3 e6 3. b3 b6 4. Bb2 Bb7 5. Nc3 Nf6 6. e5 Ng4 7. h3 Nh6 8. Bd3
Nc6 9. a3 a6 10. Ne2 Be7 11. Ng3 f5 12. Nh5 O-O 13. Qe2 b5 14. Qe3 Kh8 15.
O-O-O c4 16. bxc4 bxc4 17. Bxc4 Na5 18. Bd3 Rb8 19. Rdg1 Qc7 20. Bc3 Nc4 21.
Qf4 Be4 22. Kd1 Bxd3 23. cxd3 Nxa3 24. Ke2 Nb5 25. Ba1 Qd8 26. Qe3 Nc7 27. g4
Nd5 28. Qa7 fxg4 29. hxg4 Rxf3 30. Kxf3 Qf8+ 31. Nf6 gxf6 32. Rxh6 fxe5+ 33.
Kg2 Nf4+ 34. Kg3 Ne2+ 35. Kg2 Nf4+ 36. Kg3 Ne2+ 37. Kg2 Nf4+ 38. Kg3 1/2-1/2

[Event "Excelsior January op"]
[Site "Toronto CAN"]
[Date "2023.01.06"]
[Round "1.1"]
[White "Oancea, Nicolae"]
[Black "Noritsyn, Nikolay"]
[Result "0-1"]
[WhiteElo "2073"]
[BlackElo "2564"]
[PlyCount "53"]
[EventDate "2023.01.06"]
[EventType "swiss"]
[EventRounds "5"]
[EventCountry "CAN"]

1. e4 c5 2. Nf3 Nc6 3. Bb5 e6 4. O-O Nge7 5. c3 a6 6. Ba4 b5 7. Bc2 d5 8. d4
cxd4 9. cxd4 Nb4 10. a4 Nxc2 11. Qxc2 b4 12. Bf4 dxe4 13. Qxe4 Qd5 14. Nbd2 Bb7
15. Rfe1 Rc8 16. Qd3 Ng6 17. Bg3 Be7 18. Nf1 O-O 19. Ne3 Qh5 20. Rac1 Rcd8 21.
Rc7 Bxf3 22. gxf3 Qxf3 23. Qxa6 Rxd4 24. Qa7 Bf6 25. Qb7 Re4 26. Nf1 Nf4 27.
Ne3 0-1

[Event "Excelsior January op"]
[Site "Toronto CAN"]
[Date "2023.01.07"]
[Round "2.1"]
[White "Noritsyn, Nikolay"]
[Black "Mendes, Aaron Reeve"]
[Result "1-0"]
[WhiteElo "2564"]
[BlackElo "2200"]
[PlyCount "113"]
[EventDate "2023.01.06"]
[EventType "swiss"]
[EventRounds "5"]
[EventCountry "CAN"]

1. d4 Nf6 2. Nf3 d5 3. c4 c6 4. e3 e6 5. Nbd2 Nbd7 6. b3 Bd6 7. Bb2 O-O 8. Bd3
Re8 9. Ne5 dxc4 10. Ndxc4 Nxe5 11. dxe5 Bb4+ 12. Kf1 Nd5 13. Qc2 h6 14. Rd1 b5
15. Nd6 Bxd6 16. exd6 Qxd6 17. Bh7+ Kh8 18. e4 Ne3+ 19. fxe3 Qf8 20. e5 g6 21.
Bxg6 fxg6+ 22. Ke1 Qb4+ 23. Rd2 Rg8 24. Qxc6 Bd7 25. Qd6 Qh4+ 26. g3 Qe4 27.
Rf1 Rad8 28. Qd4 Bc6 29. Qxe4 Bxe4 30. Bd4 Rd7 31. Rf4 Bd5 32. Bc5 g5 33. Rf6
Kh7 34. e4 Bc6 35. Rxe6 Rxd2 36. Kxd2 Bxe4 37. Kc3 Bg6 38. Ra6 Rc8 39. Rxa7+
Kg8 40. Kd4 Bf7 41. Ra6 Rd8+ 42. Ke3 Rc8 43. Bd4 Kh7 44. Rb6 Ra8 45. g4 b4 46.
h3 Bd5 47. Rd6 Bf7 48. Rd7 Kg8 49. Re7 Ra6 50. Bc5 Bg6 51. e6 Rxa2 52. Bd4 Bc2
53. Re8+ Kh7 54. Rh8+ Kg6 55. e7 Ra8 56. Rxa8 Kf7 57. e8=Q# 1-0

[Event "Excelsior January op"]
[Site "Toronto CAN"]
[Date "2023.01.07"]
[Round "3.1"]
[White "Rusonik, Max"]
[Black "Noritsyn, Nikolay"]
[Result "0-1"]
[WhiteElo "2302"]
[BlackElo "2564"]
[PlyCount "88"]
[EventDate "2023.01.06"]
[EventType "swiss"]
[EventRounds "5"]
[EventCountry "CAN"]

1. e4 c5 2. Nf3 e6 3. d4 cxd4 4. Nxd4 a6 5. Bd3 Ne7 6. O-O Nbc6 7. c3 Ng6 8.
Nxc6 bxc6 9. f4 d6 10. Be3 Be7 11. Nd2 Rb8 12. Rb1 O-O 13. Qh5 Re8 14. Rf3 e5
15. f5 Nf4 16. Bxf4 exf4 17. Nc4 d5 18. exd5 cxd5 19. Nd2 Rb6 20. f6 Bc5+ 21.
Kh1 g6 22. Qh4 Rxf6 23. Rbf1 Be3 24. Nb3 h5 25. h3 Rb6 26. Qxd8 Rxd8 27. Rxf4
Bxf4 28. Rxf4 Kg7 29. Kg1 Re8 30. Rf2 Re1+ 31. Kh2 Rf6 32. Rd2 Bf5 33. Nc5 Bxd3
34. Nxd3 Ref1 35. h4 a5 36. g3 Ra1 37. Nf4 Rxa2 38. Nxd5 Rd6 39. c4 a4 40. c5
Rd8 41. c6 a3 42. c7 Rc8 43. Kh3 axb2 44. Nc3 Rxc7 0-1

[Event "Excelsior January op"]
[Site "Toronto CAN"]
[Date "2023.01.08"]
[Round "5.1"]
[White "Noritsyn, Nikolay"]
[Black "Reprintsev, Alexander"]
[Result "1-0"]
[WhiteElo "2564"]
[BlackElo "2298"]
[PlyCount "81"]
[EventDate "2023.01.06"]
[EventType "swiss"]
[EventRounds "5"]
[EventCountry "CAN"]

1. c4 e5 2. Nc3 Nc6 3. Nf3 Bb4 4. Nd5 e4 5. Nd4 Nxd4 6. Nxb4 c6 7. e3 Nf5 8. d3
Qe7 9. dxe4 Qxb4+ 10. Bd2 Qxb2 11. exf5 Nf6 12. Bd3 O-O 13. O-O d5 14. cxd5
cxd5 15. Qc1 Qxc1 16. Rfxc1 Bd7 17. Rab1 Bc6 18. f3 Rfe8 19. Kf2 Nd7 20. g4 Ne5
21. Be2 Rad8 22. Bc3 Nc4 23. Bd4 b5 24. f6 gxf6 25. Bxf6 Rd6 26. Bd4 Rde6 27.
Bd3 Rd8 28. Bf5 Rh6 29. g5 Rxh2+ 30. Kg3 Rh5 31. Rh1 Rxg5+ 32. Kf4 Rxf5+ 33.
Kxf5 Rd6 34. Rbg1+ Rg6 35. Rxg6+ fxg6+ 36. Ke6 a5 37. f4 Bb7 38. Rh2 b4 39. f5
g5 40. f6 Bc8+ 41. Ke7 1-0

[Event "Philadelphia int."]
[Site "Philadelphia USA"]
[Date "2022.06.25"]
[Round "2"]
[White "Wang, Jason"]
[Black "Noritsyn, Nikolay"]
[Result "1/2-1/2"]
[WhiteElo "2273"]
[BlackElo "2488"]
[PlyCount "147"]
[EventDate "2022.06.24"]
[EventType "swiss"]
[EventRounds "7"]
[EventCountry "USA"]
[Source "ChessMix"]
[SourceDate "2022.07.10"]

1. d4 e6 2. c4 Bb4+ 3. Nd2 c5 4. a3 Bxd2+ 5. Qxd2 cxd4 6. Qxd4 Nf6 7. Nf3 Nc6
8. Qc3 O-O 9. Bg5 b6 10. e3 Bb7 11. Bd3 Rc8 12. Rd1 Na5 13. Qd4 h6 14. Bh4 Qe7
15. b4 Nc6 16. Qb2 d6 17. O-O e5 18. Nd2 Nb8 19. Be4 g5 20. Bxb7 Qxb7 21. Bg3
Nbd7 22. Qb1 Rfe8 23. h4 Nf8 24. hxg5 hxg5 25. Rc1 Re6 26. Rfd1 Ng6 27. Qf5 g4
28. f3 gxf3 29. gxf3 Kg7 30. Kf2 b5 31. cxb5 Rxc1 32. Rxc1 Qxb5 33. Rc7 Qd5 34.
Ke2 a6 35. Ne4 Qb5+ 36. Ke1 Qe8 37. Rxf7+ Qxf7 38. Ng5 Qe8 39. Nxe6+ Kf7 40.
Ng5+ Kg7 41. Qe6 Qe7 42. Qxe7+ Nxe7 43. Ne6+ Kf7 44. Nc7 Nfd5 45. Nxd5 Nxd5 46.
Kd2 Ke6 47. Kd3 Nb6 48. f4 d5 49. fxe5 Nc4 50. a4 Nb2+ 51. Kd4 Nxa4 52. e4 dxe4
53. Kxe4 Nc3+ 54. Kd3 Nd5 55. Kc4 Nb6+ 56. Kc5 Nd5 57. Bh2 Ne7 58. Bf4 Nd5 59.
Bg3 Ne7 60. Bh4 Nd5 61. Bf6 Nc3 62. Bh8 Nd5 63. Bg7 Nf4 64. Kd4 Ng6 65. Bf6 Nf4
66. Bg7 Ng6 67. Ke4 Kf7 68. Bh6 Ke6 69. Bf4 Ne7 70. Bd2 Nc6 71. Bc3 Na7 72. Bd4
Nc6 73. Bc3 Na7 74. Bd4 1/2-1/2